| 000 | 01547cam a2200457 a 4500 | ||
|---|---|---|---|
| 001 | 20270 | ||
| 003 | VRT | ||
| 005 | 20260120130347.0 | ||
| 008 | 240314s2001 xo gr 000 0 slo | ||
| 015 | _aSNBA2001/07-02382 | ||
| 020 | _a8055100225 | ||
| 035 | _aSNK000365723 | ||
| 035 | _aurn:nbn:sk:snk-amjczg | ||
| 035 | _aurn:nbn:sk:snk-am002j09 | ||
| 035 | _a27973773-545E-4333-8EC9-11867FCE7A64 | ||
| 039 | 9 |
_a202403141120 _bVLOAD _c202402261804 _dVLOAD _c202109201111 _dmsnk162 _c201508271258 _dVLOAD |
|
| 040 |
_aSNK _bslo _cSNK _eAACR2 |
||
| 041 | 0 | _aslo | |
| 044 |
_axo _cSK |
||
| 080 |
_a613.6/.8:656.13-051(035) _21981 |
||
| 080 |
_a656.13-051(035) _21981 |
||
| 100 | 1 |
_aMalovič, Pavel, _d1952- _4aut |
|
| 245 | 1 | 0 |
_aJazdím, teda som (fit) _bpapierová autolekárnička _cPavel Malovič |
| 260 |
_aBratislava _bIkar _c2001 |
||
| 300 |
_a83 s. _c18 cm |
||
| 490 | 1 | _aPrémiová knižnica | |
| 500 | _aVyd. pre Media klub, Bratislava | ||
| 650 | 0 | 7 |
_avodiči _2SNKPH |
| 650 | 0 | 7 |
_azdravie _2SNKPH |
| 650 | 0 | 7 |
_akondícia _2SNK |
| 655 | 7 |
_apríručky _2SNKPH |
|
| 710 | 0 |
_aMedia klub _4pbl |
|
| 830 | 0 | _aPrémiová knižnica | |
| 910 | _asnk | ||
| 942 |
_2ddc _cOLDO _n0 |
||
| 949 |
_6273K0098165 _asvkpoA 179099 _bsvkpo445634 |
||
| 949 |
_617A0295259 _9P60, <03>, [BOOK], {603} _asnkSD 71480 _bsnkKSP 4969/2001 |
||
| 949 |
_617A0295260 _9P60, <04>, [BOOK], {604} _asnkSD 71480 D1 _bsnkKSP 4970/2001 _s6100:20140925 |
||
| 949 |
_6270001000338396 _asvkbbA 125321 _bsvkbbm 701255 |
||
| 999 |
_c20270 _d20270 |
||